Personal and human resource management (Record no. 163705)

MARC details
000 -LEADER
fixed length control field 00394nam a2200157Ia 4500
008 - FIXED-LENGTH DATA ELEMENTS--GENERAL INFORMATION
fixed length control field 230917s9999||||xx |||||||||||||| ||und||
040 ## - CATALOGING SOURCE
-- 182204
Original cataloging agency VIVEKANANDA LIBRARY
041 ## - Language
-- English
082 ## - DDC NUMBER
Classification number 658.3 S74P
100 ## - MAIN ENTRY--PERSONAL NAME
Personal name Sarma, A M
245 #0 - TITLE STATEMENT
Title Personal and human resource management
250 ## - EDITION STATEMENT
Edition statement 6th ed.
260 ## - PUBLICATION, DISTRIBUTION, ETC. (IMPRINT)
Place of publication, distribution, etc Mumbai
Name of publisher, distributor, etc Himalaya Publishing House
Date of publication, distribution, etc 2009
300 ## - PHYSICAL DESCRIPTION
Pages 514 p.
942 ## - ADDED ENTRY ELEMENTS (KOHA)
Koha item type Books
Holdings
Withdrawn status Lost status Damaged status Not for loan Location (home branch) Sublocation or collection (holding branch) Shelving location Date acquired Koha issues (times borrowed) Koha full call number Accession No. Koha date last seen Koha item type
        VIVEKANANDA LIBRARY VIVEKANANDA LIBRARY IMSAR Library 04/04/2011   658.3 S74P 300006 17/09/2023 Books
        VIVEKANANDA LIBRARY VIVEKANANDA LIBRARY IMSAR Library 04/04/2011   658.3 S74P 300007 17/09/2023 Books
        VIVEKANANDA LIBRARY VIVEKANANDA LIBRARY IMSAR Library 04/04/2011   658.3 S74P 300008 17/09/2023 Books
        VIVEKANANDA LIBRARY VIVEKANANDA LIBRARY IMSAR Library 04/04/2011 1 658.3 S74P 300009 27/08/2024 Books
        VIVEKANANDA LIBRARY VIVEKANANDA LIBRARY IMSAR Library 04/04/2011   658.3 S74P 300010 17/09/2023 Books
© Designed and Maintained by Vivekananda Library, MDU Rohtak